000 00697nam a2200289Ia 4500
005 20260324142811.0
008 008 260324s9999 xx 000 0 eng d
020 _a9780203451090
037 _aEBOOK
040 _aCRL
040 _beng
040 _cCRL
041 _2eng
041 _aeng
084 _qCRL
100 _aCharles Stewart; Rosalind Shaw
_91213287
245 0 _aSyncretism/Anti-Syncretism
245 4 _bThe Politics of Religious Synthesis
260 _bTaylor and Francis
260 _c1994
365 _a
365 _b280
856 _uhttp://www.taylorfrancis.com/books/9780203451090
942 _cEBOOK
999 _c1817899
_d1817899